00705nam a2200157Ia 4500008004100000100002200041245011300063245012900176260005300305260001300358300000800371650001500379856006100394999001900455952007300474170221s9999 xx 000 0 und d aVasiliy S. Kireev aMarketing Management as the Realization Process of Research, Production and Sale Activity of the Enterprise  cVasiliy S. Kireev, Marina L. Nekrasova, Ekaterina V. Shevchenko, Irina E. Alpatskaya, Sergey A. Makushkin, Elena V. Povorina bInternational Review of Management and Marketing cMay 2013 a2:2 xMarketing. uhttp://www.econjournals.com/index.php/irmm/issue/view/86 c310263d310263 001040aCLbCLd2017-02-21l0r2017-02-21 00:00:00w2017-02-21yFOJ